00497nam a2200193Ia 4500003000400000008004100004040001600045082001600061100002200077245004800099700002300147260005100170300001000221650002200231650000900253650001400262650001400276650001300290GCL140319s9999 xx 000 0 eng d aGCL / cGCL04a980.92bB N1 aBEULOW, GEORGE J.10aNEW MATTHESON STUDIES / cBEULOW, GEORGE J.1 aMARX, HANS JOACHIM a[S.N] : bCAMBRIDGE UNIVERSITY PRESS ، c1993 a495 P04aJOHANN, MATTHESON04aARTS04aCOMPOSERS04aMUSICIANS04aAMERICAN